[Event "Cesme op-A 10th"]
[Site "Cesme"]
[Date "2024.06.27"]
[Round "5"]
[White "Emir, Emirhan"]
[Black "Anacak, Hasan Gunes"]
[Result "1/2-1/2"]
[WhiteElo "2006"]
[BlackElo "2095"]
[PlyCount "61"]
[EventDate "2024.06.23"]
[EventType "swiss"]
[EventRounds "9"]
[EventCountry "TUR"]
[SourceTitle "CBM 220 Extra"]
[Source "ChessBase"]
[SourceDate "2024.07.31"]
[SourceVersion "1"]
[SourceVersionDate "2024.07.31"]
[SourceQuality "1"]

1. Nf3 d5 2. g3 g6 3. c4 dxc4 4. Na3 Bg7 5. Nxc4 Nc6 6. d3 e5 7. Bd2 Nge7 8. Bg2 0-0 9. b4 Be6 10. Rc1 a6 11. 0-0 h6 12. a4 Bd5 13. Ne3 Be6 14. Rc5 Nd4 15. Nc4 b6 16. Rxe5 Bxc4 17. Rxe7 Bb3 18. Qb1 Bd5 19. Re3 Nf5 20. Re4 Bxe4 21. dxe4 Nd4 22. Nxd4 Qxd4 23. Be3 Qc4 24. Rc1 Qxe2 25. Bf1 Qh5 26. Rxc7 Rad8 27. Rc1 Bd4 28. Qb3 Qf3 29. Bg2 Qe2 30. Bf1 Qf3 31. Bg2 1/2-1/2

[Event "TUR Cup"]
[Site "Denizli"]
[Date "2023.07.18"]
[Round "4"]
[White "Emir, Emirhan"]
[Black "Harmansa, Kagan"]
[Result "1-0"]
[WhiteElo "2049"]
[BlackElo "1577"]
[PlyCount "133"]
[EventDate "2023.07.16"]
[EventType "team-tourn"]
[EventRounds "9"]
[EventCountry "TUR"]
[SourceTitle "CBM 215 Extra"]
[Source "ChessBase"]
[SourceDate "2023.09.30"]
[SourceVersion "1"]
[SourceVersionDate "2023.09.30"]
[SourceQuality "1"]

1. c4 c6 2. Nf3 d5 3. e3 Nf6 4. Nc3 e6 5. d4 Be7 6. Qc2 Nbd7 7. Bd3 h6 8. 0-0 0-0 9. b3 a6 10. e4 dxe4 11. Nxe4 Nxe4 12. Bxe4 Bf6 13. Ba3 Re8 14. Rad1 Qc7 15. Rfe1 Rd8 16. d5 cxd5 17. cxd5 Qxc2 18. Bxc2 Nb6 19. d6 Nd5 20. Be4 Nc3 21. Rd3 Nxe4 22. Rxe4 Bd7 23. Bc5 Bc6 24. Re1 Bxf3 25. gxf3 Rd7 26. b4 Rc8 27. f4 Rc6 28. Red1 b6 29. Be3 Kh7 30. Kg2 g6 31. a4 b5 32. axb5 axb5 33. Bc5 Ra6 34. Re1 Bg7 35. Ree3 h5 36. Ra3 Rxa3 37. Rxa3 Bf8 38. Ra6 Kg7 39. Kf3 f5 40. Bd4+ Kf7 41. Be5 Rd8 42. Ke3 Ke8 43. Kd4 Rc8 44. Ra7 Rc4+ 45. Kd3 Rxb4 46. d7+ Kd8 47. Ra8+ Kxd7 48. Rxf8 Rb1 49. Rg8 Rh1 50. Kd4 Rxh2 51. Kc5 Rxf2 52. Rxg6 Rc2+ 53. Kxb5 Rc1 54. Rg7+ Ke8 55. Rh7 Rc2 56. Rxh5 Kf7 57. Rh7+ Kg6 58. Re7 Kh5 59. Rxe6 Kg4 60. Rc6 Rd2 61. Kc5 Rd8 62. Rd6 Rc8+ 63. Kd5 Re8 64. Rg6+ Kf3 65. Rg5 Rd8+ 66. Ke6 Ke4 67. Rxf5 1-0

[Event "TUR Cup"]
[Site "Denizli"]
[Date "2023.07.17"]
[Round "2"]
[White "Emir, Emirhan"]
[Black "Kilic, Nurullah"]
[Result "0-1"]
[WhiteElo "2049"]
[BlackElo "1667"]
[PlyCount "92"]
[EventDate "2023.07.16"]
[EventType "team-tourn"]
[EventRounds "9"]
[EventCountry "TUR"]
[SourceTitle "CBM 215 Extra"]
[Source "ChessBase"]
[SourceDate "2023.09.30"]
[SourceVersion "1"]
[SourceVersionDate "2023.09.30"]
[SourceQuality "1"]

1. c4 e5 2. g3 Nc6 3. Bg2 Nf6 4. Nc3 Bc5 5. e3 a6 6. Nge2 d6 7. d4 Ba7 8. b4 0-0 9. b5 axb5 10. Nxb5 Bb6 11. 0-0 Re8 12. Qc2 e4 13. Ba3 d5 14. Nec3 Ba5 15. Rab1 Bf5 16. Na4 dxc4 17. Qxc4 Be6 18. Qc2 Qc8 19. Rfc1 Bd2 20. Rd1 Ba5 21. Nc5 Bd5 22. Rdc1 Bb6 23. Rb2 Qf5 24. Nb3 Ra4 25. Bf1 Nd7 26. Nc5 Raa8 27. Na4 Ba5 28. Nac3 h5 29. Nxd5 Qxd5 30. Qb3 Qf5 31. Qd1 Rad8 32. Nxc7 Bxc7 33. Rxb7 Nce5 34. Rbxc7 Nf3+ 35. Kh1 Nde5 36. R7c5 Qg6 37. Qe2 Nd3 38. Bg2 Nxc1 39. Bxc1 Rc8 40. Ba3 Rxc5 41. Bxc5 Qc6 42. h3 Rb8 43. Bxf3 exf3 44. Qc2 Qb5 45. Qd1 Qe2 46. Qg1 Qc2 0-1

[Event "Istanbul op"]
[Site "Istanbul"]
[Date "2019.09.01"]
[Round "9"]
[White "Emir, Emirhan"]
[Black "Ozsakallioglu, Akin"]
[Result "1/2-1/2"]
[WhiteElo "1952"]
[BlackElo "2067"]
[PlyCount "108"]
[EventDate "2019.08.26"]
[EventType "swiss"]
[EventRounds "9"]
[EventCountry "TUR"]
[SourceTitle "EXT 2020"]
[Source "ChessBase"]
[SourceDate "2019.10.17"]
[SourceVersion "1"]
[SourceVersionDate "2019.10.17"]
[SourceQuality "1"]

1. c4 Nf6 2. Nc3 g6 3. e4 d6 4. d4 Bg7 5. f3 0-0 6. Be3 c5 7. d5 e6 8. Qd2 exd5 9. cxd5 Nbd7 10. Nh3 a6 11. a4 Ne5 12. Nf2 Bd7 13. h3 b5 14. f4 Nc4 15. Bxc4 bxc4 16. 0-0 Qb8 17. Rfe1 Re8 18. Qc2 Qb4 19. Bd2 Reb8 20. Nb5 axb5 21. Bxb4 cxb4 22. axb5 Bxb5 23. Rxa8 Rxa8 24. Qd2 Ra4 25. e5 Nd7 26. e6 Nc5 27. exf7+ Kxf7 28. Qe2 Bf6 29. Ne4 Nxe4 30. Qxe4 c3 31. b3 Ra7 32. Qxb4 Bd3 33. Qb6 Rd7 34. Qc6 Bd4+ 35. Kh2 Re7 36. Rd1 Re3 37. b4 c2 38. Rxd3 Rxd3 39. Qxc2 Rc3 40. Qd2 Bf6 41. b5 Rb3 42. Qe2 Bh4 43. Qg4 Bf2 44. f5 Bc5 45. fxg6+ hxg6 46. Qd7+ Kf6 47. Qe6+ Kg7 48. Qe7+ Kh6 49. h4 Rxb5 50. Qe8 Rb7 51. Qh8+ Rh7 52. Qf8+ Rg7 53. Qh8+ Rh7 54. Qf8+ Rg7 1/2-1/2

[Event "Istanbul op"]
[Site "Istanbul"]
[Date "2019.08.28"]
[Round "4"]
[White "Emir, Emirhan"]
[Black "Citak, Selim"]
[Result "1/2-1/2"]
[WhiteElo "1952"]
[BlackElo "2263"]
[PlyCount "60"]
[EventDate "2019.08.26"]
[EventType "swiss"]
[EventRounds "9"]
[EventCountry "TUR"]
[SourceTitle "EXT 2020"]
[Source "ChessBase"]
[SourceDate "2019.10.17"]
[SourceVersion "1"]
[SourceVersionDate "2019.10.17"]
[SourceQuality "1"]

1. c4 Nc6 2. Nc3 e5 3. g3 g6 4. Bg2 Bg7 5. d3 d6 6. e3 f5 7. Nge2 Nf6 8. Rb1 Be6 9. Nd5 a5 10. 0-0 0-0 11. Nec3 g5 12. f4 gxf4 13. gxf4 Kh8 14. a3 Rg8 15. b4 axb4 16. axb4 e4 17. Bb2 Bxd5 18. Nxd5 Nxd5 19. cxd5 Ne7 20. dxe4 fxe4 21. Kh1 Bxb2 22. Rxb2 Nf5 23. Bxe4 Qf6 24. Re2 Nh4 25. Qd4 Qxd4 26. exd4 Ra4 27. Bb1 Rxb4 28. Re7 Rg7 29. Re8+ Rg8 30. Re7 Rg7 1/2-1/2

[Event "TUR-chT Clubs"]
[Site "Konya"]
[Date "2019.07.18"]
[Round "5.2"]
[White "Emir, Emirhan"]
[Black "Toren, Kadir"]
[Result "1-0"]
[WhiteElo "1904"]
[BlackElo "1736"]
[PlyCount "105"]
[EventDate "2019.07.16"]
[EventType "team-swiss"]
[EventRounds "9"]
[EventCountry "TUR"]
[SourceTitle "CBM 191 Extra"]
[Source "ChessBase"]
[SourceDate "2019.09.30"]
[SourceVersion "1"]
[SourceVersionDate "2019.09.30"]
[SourceQuality "1"]
[WhiteTeam "Duzce AS Genclik"]
[BlackTeam "Bitlis Dernegi"]
[WhiteTeamCountry "TUR"]
[BlackTeamCountry "TUR"]

1. c4 c5 2. Nc3 Nc6 3. g3 g6 4. Bg2 Bg7 5. d3 d6 6. e3 e6 7. Nge2 Nge7 8. 0-0 0-0 9. a3 a6 10. Rb1 Rb8 11. b4 b6 12. d4 cxb4 13. axb4 d5 14. cxd5 exd5 15. Qb3 Bf5 16. Ra1 Bd3 17. Ba3 Bc4 18. Qc2 b5 19. Qd2 a5 20. Rfb1 Qd6 21. Na2 Ra8 22. bxa5 Qc7 23. Bxe7 Qxe7 24. Nac1 Ra7 25. Nc3 Qg5 26. Nxb5 Re7 27. h4 Qh6 28. Ra4 Re6 29. Rxc4 dxc4 30. d5 c3 31. Qc2 Rxe3 32. fxe3 Qxe3+ 33. Qf2 c2 34. Ra1 Qxf2+ 35. Kxf2 Bxa1 36. dxc6 Bb2 37. Nb3 c1Q 38. Nxc1 Bxc1 39. a6 f5 40. c7 f4 41. g4 Be3+ 42. Ke2 f3+ 43. Bxf3 Bf4 44. a7 Re8+ 45. Kf1 Kf7 46. a8Q Rxa8 47. Bxa8 Bxc7 48. Nxc7 Kf6 49. Kg2 Ke5 50. Kf3 Kd6 51. Kf4 h6 52. Nb5+ Ke6 53. Be4 1-0

[Event "TUR-chT 2nd League"]
[Site "Konya"]
[Date "2018.07.19"]
[Round "6.2"]
[White "Dalgar, Hakki Berat"]
[Black "Emir, Emirhan"]
[Result "1-0"]
[WhiteElo "2029"]
[BlackElo "1873"]
[PlyCount "99"]
[EventDate "2018.07.16"]
[EventType "team-swiss"]
[EventRounds "9"]
[EventCountry "TUR"]
[SourceTitle "EXT 2019"]
[Source "ChessBase"]
[SourceDate "2018.10.10"]
[SourceVersion "1"]
[SourceVersionDate "2018.10.10"]
[SourceQuality "1"]
[WhiteTeam "Olbia VE Spor"]
[BlackTeam "Istanbul Moda"]
[WhiteTeamCountry "TUR"]
[BlackTeamCountry "TUR"]

1. d3 f5 2. Nf3 d5 3. c4 e6 4. Qc2 Nf6 5. g3 Be7 6. Bg2 0-0 7. 0-0 c6 8. Nc3 d4 9. Nb1 c5 10. b4 cxb4 11. a3 Nc6 12. axb4 Bxb4 13. e3 Bc5 14. exd4 Nxd4 15. Nxd4 Bxd4 16. Nc3 Rb8 17. Rb1 a6 18. Ne2 Be5 19. d4 Bc7 20. Nf4 Re8 21. Rd1 b5 22. d5 Qe7 23. cxb5 Rxb5 24. Rxb5 axb5 25. Nxe6 Bxe6 26. dxe6 Bb6 27. Qxf5 Qxe6 28. Qxb5 Qe2 29. Qb3+ Kh8 30. Rf1 Qa6 31. Bb2 Bc5 32. Bf3 Qb6 33. Qxb6 Bxb6 34. Rc1 Rf8 35. Rc6 Bd8 36. Kg2 h6 37. h4 Nh7 38. Rxh6 Bf6 39. Bxf6 Rxf6 40. Rxf6 Nxf6 41. g4 g6 42. Kg3 Kg7 43. Kf4 Nd7 44. Bc6 Nc5 45. Ke3 Ne6 46. f4 Nd8 47. Bd5 Kf6 48. Ke4 Kg7 49. Ke5 Kh6 50. Ke4 1-0

[Event "TUR-chT2"]
[Site "Konya"]
[Date "2017.07.12"]
[Round "6.3"]
[White "Emir, Emirhan"]
[Black "Yildirim, Ibrahim Halil"]
[Result "0-1"]
[WhiteElo "1771"]
[BlackElo "1746"]
[PlyCount "136"]
[EventDate "2017.07.09"]
[EventType "team-swiss"]
[EventRounds "9"]
[EventCountry "TUR"]
[SourceTitle "CBM 179 Extra"]
[Source "ChessBase"]
[SourceDate "2017.08.23"]
[SourceVersion "1"]
[SourceVersionDate "2017.08.23"]
[SourceQuality "1"]
[WhiteTeam "Karaman Yunus Emre"]
[BlackTeam "Anadolu Besiktasililar"]
[WhiteTeamCountry "TUR"]
[BlackTeamCountry "TUR"]

1. c4 e5 2. Nc3 Nc6 3. g3 g6 4. Bg2 Bg7 5. d3 d6 6. e4 Nge7 7. Nge2 f5 8. Rb1 Be6 9. Nd5 0-0 10. b4 Qd7 11. Be3 h6 12. h4 Kh7 13. 0-0 Nd8 14. Qc1 c6 15. Nxe7 Qxe7 16. f4 h5 17. fxe5 Bxe5 18. d4 Bg7 19. c5 fxe4 20. Rxf8 Qxf8 21. Bxe4 d5 22. Bg2 Bf5 23. Rb2 Ne6 24. Qd2 Re8 25. Nf4 Nxf4 26. Bxf4 Qe7 27. Kh2 Qe1 28. b5 Qxd2 29. Rxd2 Be4 30. Bh3 Bf5 31. Bg2 Re1 32. a4 Be4 33. a5 a6 34. bxa6 bxa6 35. Bxe4 Rxe4 36. Rb2 Bxd4 37. Rb7+ Kg8 38. Rb6 Bxc5 39. Rxc6 Bb4 40. Rxg6+ Kf7 41. Rxa6 Re2+ 42. Kg1 Ra2 43. Rh6 d4 44. Rxh5 d3 45. Rd5 d2 46. Kf1 Ra1+ 47. Ke2 Re1+ 48. Kf3 d1Q+ 49. Rxd1 Rxd1 50. a6 Ra1 51. h5 Rxa6 52. Kg4 Ra5 53. Kh4 Be7+ 54. Kg4 Kf6 55. Bh6 Bd6 56. Bd2 Ra4+ 57. Kh3 Ra3 58. Be1 Kg5 59. h6 Kxh6 60. Bd2+ Kh5 61. Be1 Kg5 62. Bd2+ Kf5 63. Be1 Ke4 64. Kg2 Ra2+ 65. Kg1 Kf3 66. Kf1 Bxg3 67. Bc3 Rc2 68. Be1 Rc1 0-1